Normal view MARC view

Entry Personal Name

Number of records used in: 1

001 - CONTROL NUMBER

  • control field: 46117

003 - CONTROL NUMBER IDENTIFIER

  • control field: OSt

005 - DATE AND TIME OF LATEST TRANSACTION

  • control field: 20240613165539.0

008 - FIXED-LENGTH DATA ELEMENTS

  • fixed length control field: 240613|| aca||aabn | a|a d

040 ## - CATALOGING SOURCE

  • Original cataloging agency: OSt
  • Transcribing agency: OSt

100 ## - HEADING--PERSONAL NAME

  • Personal name: Singh, Pushpa

670 ## - SOURCE DATA FOUND

  • Source citation: Work cat.: (OSt)524440: Singh, Pushpa, Food sovereignty movements and environmental justice in India: Critical insighs and assessments from Uttarakhand and Odisha

Powered by Koha